<?xml version="1.0" encoding="UTF-8"?>
<record
    xmlns:xsi="http://www.w3.org/2001/XMLSchema-instance"
    xsi:schemaLocation="http://www.loc.gov/MARC21/slim http://www.loc.gov/standards/marcxml/schema/MARC21slim.xsd"
    xmlns="http://www.loc.gov/MARC21/slim">

  <leader>00617nam a22001337a 4500</leader>
  <datafield tag="040" ind1=" " ind2=" ">
    <subfield code="c">RUA</subfield>
  </datafield>
  <datafield tag="082" ind1=" " ind2=" ">
    <subfield code="a">AVM SUM 2013 B110 Or.1</subfield>
  </datafield>
  <datafield tag="100" ind1=" " ind2=" ">
    <subfield code="a">SUM, SOKHOM.</subfield>
  </datafield>
  <datafield tag="245" ind1=" " ind2=" ">
    <subfield code="a">Survey on infectious diseases of chicken in tram kok district takeo province, &#x1780;&#x17B6;&#x179A;&#x17A2;&#x1784;&#x17D2;&#x1780;&#x17C1;&#x178F;&#x1796;&#x17B8;&#x1787;&#x17C6;&#x1784;&#x17BA;&#x1786;&#x17D2;&#x179B;&#x1784;&#x178A;&#x17C2;&#x179B;&#x1787;&#x17BD;&#x1794;&#x1794;&#x17D2;&#x179A;&#x1791;&#x17C7;&#x179B;&#x17BE;&#x1798;&#x17B6;&#x1793;&#x17CB;&#x1793;&#x17C5;&#x179F;&#x17D2;&#x179A;&#x17BB;&#x1780;&#x178F;&#x17D2;&#x179A;&#x17B6;&#x17C6;&#x1780;&#x1780;&#x17CB; &#x1781;&#x17C1;&#x178F;&#x17D2;&#x178F;&#x178F;&#x17B6;&#x1780;&#x17C2;&#x179C;</subfield>
  </datafield>
  <datafield tag="260" ind1=" " ind2=" ">
    <subfield code="a">Phnom Penh</subfield>
    <subfield code="b">RUA</subfield>
    <subfield code="c">2013</subfield>
  </datafield>
  <datafield tag="300" ind1=" " ind2=" ">
    <subfield code="a">viii; 51p.</subfield>
    <subfield code="b">ill.</subfield>
    <subfield code="c">29cm.</subfield>
  </datafield>
  <datafield tag="856" ind1=" " ind2=" ">
    <subfield code="u">https://drive.google.com/file/d/1sj8ypfmFFnplOUCsFYHy9rwpza9G_wdC/view?usp=sharing</subfield>
  </datafield>
  <datafield tag="942" ind1=" " ind2=" ">
    <subfield code="c">AVM</subfield>
  </datafield>
  <datafield tag="999" ind1=" " ind2=" ">
    <subfield code="c">2726</subfield>
    <subfield code="d">2726</subfield>
  </datafield>
  <datafield tag="952" ind1=" " ind2=" ">
    <subfield code="0">0</subfield>
    <subfield code="1">0</subfield>
    <subfield code="2">ddc</subfield>
    <subfield code="4">0</subfield>
    <subfield code="6">AVM_SUM_2013_000000000000000_B110_OR_1</subfield>
    <subfield code="7">0</subfield>
    <subfield code="9">13014</subfield>
    <subfield code="a">LBB</subfield>
    <subfield code="b">LBB</subfield>
    <subfield code="c">B110</subfield>
    <subfield code="d">2015-10-26</subfield>
    <subfield code="o">AVM SUM 2013 B110 Or.1</subfield>
    <subfield code="p">RUA017944</subfield>
    <subfield code="r">2015-10-26</subfield>
    <subfield code="w">2015-10-26</subfield>
    <subfield code="y">AVM</subfield>
  </datafield>
  <datafield tag="952" ind1=" " ind2=" ">
    <subfield code="0">0</subfield>
    <subfield code="1">0</subfield>
    <subfield code="2">ddc</subfield>
    <subfield code="4">0</subfield>
    <subfield code="6">AVM_SUM_2013_000000000000000_B110_OR_2</subfield>
    <subfield code="7">0</subfield>
    <subfield code="9">13015</subfield>
    <subfield code="a">LBB</subfield>
    <subfield code="b">LBB</subfield>
    <subfield code="c">B110</subfield>
    <subfield code="d">2015-10-26</subfield>
    <subfield code="o">AVM SUM 2013 B110 Or.2</subfield>
    <subfield code="p">RUA019351</subfield>
    <subfield code="r">2015-10-26</subfield>
    <subfield code="w">2015-10-26</subfield>
    <subfield code="y">AVM</subfield>
  </datafield>
  <datafield tag="952" ind1=" " ind2=" ">
    <subfield code="0">0</subfield>
    <subfield code="1">0</subfield>
    <subfield code="2">ddc</subfield>
    <subfield code="4">0</subfield>
    <subfield code="6">AVM_SUM_2013_000000000000000_B110_OR_3</subfield>
    <subfield code="7">0</subfield>
    <subfield code="9">13016</subfield>
    <subfield code="a">LBB</subfield>
    <subfield code="b">LBB</subfield>
    <subfield code="c">B110</subfield>
    <subfield code="d">2015-10-26</subfield>
    <subfield code="l">1</subfield>
    <subfield code="o">AVM SUM 2013 B110 Or.3</subfield>
    <subfield code="p">RUA017872</subfield>
    <subfield code="r">2018-09-28</subfield>
    <subfield code="s">2018-09-17</subfield>
    <subfield code="w">2015-10-26</subfield>
    <subfield code="y">AVM</subfield>
  </datafield>
  <datafield tag="952" ind1=" " ind2=" ">
    <subfield code="0">0</subfield>
    <subfield code="1">0</subfield>
    <subfield code="2">ddc</subfield>
    <subfield code="4">0</subfield>
    <subfield code="6">AVM_SUM_2013_000000000000000_B110_OR_4</subfield>
    <subfield code="7">0</subfield>
    <subfield code="9">13017</subfield>
    <subfield code="a">LBB</subfield>
    <subfield code="b">LBB</subfield>
    <subfield code="c">B110</subfield>
    <subfield code="d">2015-10-26</subfield>
    <subfield code="o">AVM SUM 2013 B110 Or.4</subfield>
    <subfield code="p">RUA016278</subfield>
    <subfield code="r">2015-10-26</subfield>
    <subfield code="w">2015-10-26</subfield>
    <subfield code="y">AVM</subfield>
  </datafield>
  <datafield tag="952" ind1=" " ind2=" ">
    <subfield code="0">0</subfield>
    <subfield code="1">0</subfield>
    <subfield code="2">ddc</subfield>
    <subfield code="4">0</subfield>
    <subfield code="6">AVM_SUM_2013_000000000000000_B110_OR_5</subfield>
    <subfield code="7">0</subfield>
    <subfield code="9">13018</subfield>
    <subfield code="a">LBB</subfield>
    <subfield code="b">LBB</subfield>
    <subfield code="c">B110</subfield>
    <subfield code="d">2015-10-26</subfield>
    <subfield code="o">AVM SUM 2013 B110 Or.5</subfield>
    <subfield code="p">RUA016438</subfield>
    <subfield code="r">2015-10-26</subfield>
    <subfield code="w">2015-10-26</subfield>
    <subfield code="y">AVM</subfield>
  </datafield>
  <datafield tag="952" ind1=" " ind2=" ">
    <subfield code="0">0</subfield>
    <subfield code="1">0</subfield>
    <subfield code="2">ddc</subfield>
    <subfield code="4">0</subfield>
    <subfield code="6">AVM_SUM_2013_000000000000000_B110_OR_6</subfield>
    <subfield code="7">0</subfield>
    <subfield code="9">13019</subfield>
    <subfield code="a">LBB</subfield>
    <subfield code="b">LBB</subfield>
    <subfield code="c">B110</subfield>
    <subfield code="d">2015-10-26</subfield>
    <subfield code="o">AVM SUM 2013 B110 Or.6</subfield>
    <subfield code="p">RUA016360</subfield>
    <subfield code="r">2015-10-26</subfield>
    <subfield code="w">2015-10-26</subfield>
    <subfield code="y">AVM</subfield>
  </datafield>
  <datafield tag="952" ind1=" " ind2=" ">
    <subfield code="0">0</subfield>
    <subfield code="1">0</subfield>
    <subfield code="2">ddc</subfield>
    <subfield code="4">0</subfield>
    <subfield code="6">AVM_SUM_2013_000000000000000_B110_OR_7</subfield>
    <subfield code="7">0</subfield>
    <subfield code="9">13020</subfield>
    <subfield code="a">LBB</subfield>
    <subfield code="b">LBB</subfield>
    <subfield code="c">B110</subfield>
    <subfield code="d">2015-10-26</subfield>
    <subfield code="l">1</subfield>
    <subfield code="o">AVM SUM 2013 B110 Or.7</subfield>
    <subfield code="p">RUA016294</subfield>
    <subfield code="r">2017-09-11</subfield>
    <subfield code="s">2017-08-25</subfield>
    <subfield code="w">2015-10-26</subfield>
    <subfield code="y">AVM</subfield>
  </datafield>
  <datafield tag="952" ind1=" " ind2=" ">
    <subfield code="0">0</subfield>
    <subfield code="1">0</subfield>
    <subfield code="2">ddc</subfield>
    <subfield code="4">0</subfield>
    <subfield code="6">AVM_SUM_2013_000000000000000_B110_OR_8</subfield>
    <subfield code="7">0</subfield>
    <subfield code="9">37012</subfield>
    <subfield code="a">LBB</subfield>
    <subfield code="b">LBB</subfield>
    <subfield code="c">B110</subfield>
    <subfield code="d">2016-02-03</subfield>
    <subfield code="l">1</subfield>
    <subfield code="o">AVM SUM 2013 B110 Or.8</subfield>
    <subfield code="p">RUA051788</subfield>
    <subfield code="r">2019-02-26</subfield>
    <subfield code="s">2019-01-14</subfield>
    <subfield code="w">2016-02-03</subfield>
    <subfield code="y">AVM</subfield>
  </datafield>
</record>
